| 000 | 00000nas##2200000za#4500 |
| 001 | 9.503408 |
| 003 | CaOODSP |
| 005 | 20220505163028 |
| 007 | cr ||||||||||| |
| 008 | 150406c1998||||xxc|| p o||||f| |0fre|d |
| 022 | |a1917-7526 |
| 040 | |aCaOODSP|bfre |
| 043 | |an-cn--- |
| 086 | 1 |aHP37-3F-PDF |
| 110 | 2 |aAgence de santé publique du Canada. |
| 245 | 10|aRapport du Canada sur le VIH/sida |h[ressource électronique] |
| 260 | |aOttawa - Ontario : |bAgence de santé publique du Canada |
| 310 | |aAnnuel |
| 362 | 1 |a1998-[2006?] |
| 500 | |aLes livraisons de 2001 et de 2002 ont été publiées par Santé Canada. |
| 691 | 07|aSIDA|2gcpds |
| 775 | 08|tCanada's report on HIV/AIDS |w(CaOODSP)9.507015 |